000 00501nam a2200169Ia 4500
008 151213s9999 xx 000 0 und d
020 _a81-8756731-7
100 _aArun Kumar Sen & Jitendra Kumar Mitra
245 _aCommercial Law and Industrial Law
_cArun Kumar Sen & Jitendra Kumar Mitra
250 _a25th
260 _aKolkata
_bThe World Press Private Ltd.
_c2001
300 _a5835 p.
650 _aLaw
650 _aLaw
700 _aArun Kumar Sen & Jitendra Kumar Mitra
999 _c3400
_d3400